[Event "DVM U12 2015"]
[Site "Magdeburg GER"]
[Date "2015.12.30"]
[Round "7"]
[White "Wehner, Tobias"]
[Black "Gerold, Robin"]
[Result "1/2-1/2"]
[Termination "normal"]
[Board "9.2"]
[WhiteElo "1296"]
[BlackElo "1090"]
[WhiteTeam "USV TU Dresden"]
[BlackTeam "SF HN-Biberach 1978"]
[PlyCount "61"]
[WhiteFideId "16224000"]
[BlackFideId "16235185"]
[EventCountry "GER"]
[EventRounds "7"]
[EventType "team-swiss"]
[EventDate "2015.12.26"]

1. e4 e5 2. Nf3 Nc6 3. Bc4 Bc5 4. Nc3 d6 5. h3 h6 6. d3 Nf6 7. Be3 Bb6 8. Qd2
Be6 9. Bb3 Qd7 10. d4 exd4 11. Nxd4 Nxd4 12. Bxd4 Qe7 13. Bxb6 axb6 14. Bxe6
Qxe6 15. O-O O-O 16. f3 Qe5 17. Rad1 Qc5+ 18. Qd4 Rfd8 19. Qxc5 bxc5 20. a3 Kf8
21. Nd5 Nxd5 22. Rxd5 g6 23. e5 Rd7 24. exd6 cxd6 25. Rfd1 Rad8 26. c4 f5 27.
Kf2 h5 28. g3 Kf7 29. h4 Kf6 30. R1d2 Kf7 31. Rd1 1/2-1/2

[Event "DVM U12 2015"]
[Site "Magdeburg GER"]
[Date "2015.12.30"]
[Round "7"]
[White "Melzig, Antonio"]
[Black "Thamm, Marti Jann"]
[Result "1-0"]
[Termination "normal"]
[Board "9.3"]
[WhiteElo "1215"]
[BlackElo "1055"]
[WhiteTeam "SF HN-Biberach 1978"]
[BlackTeam "USV TU Dresden"]
[PlyCount "63"]
[WhiteFideId "16252764"]
[EventCountry "GER"]
[EventRounds "7"]
[EventType "team-swiss"]
[EventDate "2015.12.26"]

1. e4 e5 2. Nf3 Nc6 3. Bc4 Be7 4. d4 exd4 5. Nxd4 Nxd4 6. Qxd4 Nf6 7. Nc3 b6 8.
e5 Nh5 9. Qd5 O-O 10. Qxa8 a5 11. Qf3 Nf6 12. exf6 Bxf6 13. O-O d6 14. Nd5 Be5
15. Bd3 Qh4 16. g3 Qh3 17. Ne7+ Kh8 18. Nxc8 Rxc8 19. Bf5 Qxf5 20. Qxf5 Rf8 21.
Re1 h6 22. Rxe5 dxe5 23. Qxe5 c5 24. Bxh6 f6 25. Qe7 Rg8 26. Bxg7+ Rxg7 27.
Qxf6 Kg8 28. Re1 Kh7 29. Qf5+ Rg6 30. Re6 Kh8 31. Qxg6 b5 32. Re8# 1-0

[Event "DVM U12 2015"]
[Site "Magdeburg GER"]
[Date "2015.12.30"]
[Round "7"]
[White "Petzold, Maik"]
[Black "Dittmar, Elia"]
[Result "0-1"]
[Termination "normal"]
[Board "9.4"]
[WhiteElo "820"]
[BlackElo "1018"]
[WhiteTeam "USV TU Dresden"]
[BlackTeam "SF HN-Biberach 1978"]
[PlyCount "46"]
[WhiteFideId "12975087"]
[BlackFideId "16269098"]
[EventCountry "GER"]
[EventRounds "7"]
[EventType "team-swiss"]
[EventDate "2015.12.26"]

1. e4 c5 2. Nf3 Nc6 3. d4 cxd4 4. Nxd4 g6 5. c4 Bg7 6. Be3 e6 7. Nc3 Nge7 8.
Be2 O-O 9. O-O d5 10. Qd2 dxc4 11. Bxc4 Nxd4 12. Rad1 Nec6 13. Ne2 Nxe2+ 14.
Bxe2 b6 15. Bb5 Bb7 16. Qc1 Qc8 17. Rd6 Ne5 18. Rfd1 Qxc1 19. Rxc1 Bxe4 20. f4
Bh6 21. Bf2 Bxf4 22. Re1 Bf5 23. g3 Nf3+ 0-1

[Event "DVM U12 2015"]
[Site "Magdeburg GER"]
[Date "2015.12.30"]
[Round "7"]
[White "Jakob, Georg"]
[Black "Eschner, Fabian"]
[Result "1-0"]
[Termination "normal"]
[Board "10.1"]
[WhiteElo "1459"]
[BlackElo "1399"]
[WhiteTeam "SG Königskinder Hohentübingen"]
[BlackTeam "Schachzwerge Magdeburg"]
[PlyCount "61"]
[WhiteFideId "16224221"]
[BlackFideId "16232860"]
[EventCountry "GER"]
[EventRounds "7"]
[EventType "team-swiss"]
[EventDate "2015.12.26"]

1. e4 c5 2. d4 cxd4 3. c3 dxc3 4. Nxc3 Nc6 5. Nf3 g6 6. Bc4 Bg7 7. O-O Nf6 8.
Qe2 O-O 9. Rd1 Qc7 10. Nb5 Qb8 11. h3 a6 12. Nc3 Ne5 13. Bb3 Rd8 14. Bf4 Nh5
15. Bh2 e6 16. g4 Nxf3+ 17. Qxf3 Qa7 18. gxh5 Rf8 19. Bd6 Re8 20. e5 b5 21. Ne4
Bb7 22. Nf6+ Kh8 23. Qf4 Rec8 24. h6 a5 25. hxg7+ Kxg7 26. Ng4 f5 27. Qh6+ Kh8
28. Nf6 Qxf2+ 29. Kxf2 Rc2+ 30. Bxc2 Bf3 31. Qxh7# 1-0

[Event "DVM U12 2015"]
[Site "Magdeburg GER"]
[Date "2015.12.30"]
[Round "7"]
[White "Unger, Matti"]
[Black "Wang, Xinyuan"]
[Result "0-1"]
[Termination "normal"]
[Board "10.2"]
[WhiteElo "847"]
[BlackElo "1255"]
[WhiteTeam "Schachzwerge Magdeburg"]
[BlackTeam "SG Königskinder Hohentübingen"]
[PlyCount "128"]
[BlackFideId "16221494"]
[EventCountry "GER"]
[EventRounds "7"]
[EventType "team-swiss"]
[EventDate "2015.12.26"]

1. e4 c5 2. Nf3 a6 3. Nc3 e6 4. Bc4 Qc7 5. d3 Nf6 6. Bg5 Be7 7. Qd2 h6 8. Bxf6
Bxf6 9. O-O-O d6 10. Rhe1 Nc6 11. h3 Bd7 12. g4 Ke7 13. h4 Nd4 14. Nxd4 Bxd4
15. f3 b5 16. Bb3 a5 17. a4 Bxc3 18. Qxc3 bxa4 19. Ba2 e5 20. Qc4 Be6 21. Qxa4
Rhb8 22. Qa3 Rb5 23. Bxe6 fxe6 24. g5 hxg5 25. hxg5 Rab8 26. b3 Qa7 27. Rh1 a4
28. Kd2 Qa5+ 29. Ke2 axb3 30. Qxa5 Rxa5 31. cxb3 Rxb3 32. Ra1 Rab5 33. Ra7+ Rb7
34. Rxb7+ Rxb7 35. Rg1 d5 36. exd5 exd5 37. Ke3 Rb4 38. Rc1 Kd6 39. Rc2 Rb3 40.
Ke2 d4 41. Rc4 Rb2+ 42. Kd1 Rf2 43. Rc2 Rxf3 44. Kd2 Rf2+ 45. Kd1 Rxc2 46. Kxc2
Kd5 47. Kd2 e4 48. dxe4+ Kxe4 49. Kc2 c4 50. Kd2 c3+ 51. Kc2 Ke3 52. Kd1 d3 53.
Kc1 c2 54. g6 Ke2 55. Kb2 Kd2 56. Kb3 c1=Q 57. Kb4 Ke3 58. Kb3 Qc2+ 59. Kb4 Kd4
60. Kb5 Qc5+ 61. Ka6 Qb4 62. Ka7 Kc5 63. Ka8 Kc6 64. Ka7 Qb7# 0-1

[Event "DVM U12 2015"]
[Site "Magdeburg GER"]
[Date "2015.12.30"]
[Round "7"]
[White "Aptyka, Tim"]
[Black "Bartels, Sebastian"]
[Result "1-0"]
[Termination "normal"]
[Board "10.3"]
[WhiteElo "1298"]
[BlackElo "788"]
[WhiteTeam "SG Königskinder Hohentübingen"]
[BlackTeam "Schachzwerge Magdeburg"]
[PlyCount "57"]
[WhiteFideId "16255860"]
[BlackFideId "16278542"]
[EventCountry "GER"]
[EventRounds "7"]
[EventType "team-swiss"]
[EventDate "2015.12.26"]

1. d4 d5 2. c4 c6 3. Nc3 Nf6 4. Bg5 Nbd7 5. e3 e6 6. Nf3 Bb4 7. Qc2 Nb6 8. c5
Nc4 9. Bxc4 dxc4 10. Qa4 a5 11. a3 b5 12. cxb6 Qxb6 13. axb4 Bd7 14. O-O Nd5
15. Ne5 O-O 16. Nxd7 Qc7 17. Nxf8 Kxf8 18. bxa5 f6 19. Bh4 Qb8 20. Qa3+ Nb4 21.
Na2 c5 22. Bg3 Qb5 23. Bd6+ Kf7 24. Nxb4 cxd4 25. exd4 Qg5 26. Qa4 Rd8 27. Qc6
Qg4 28. Qc7+ Ke8 29. Qe7# 1-0

[Event "DVM U12 2015"]
[Site "Magdeburg GER"]
[Date "2015.12.30"]
[Round "7"]
[White "Felsch, Paula"]
[Black "Dunder, Tim"]
[Result "1/2-1/2"]
[Termination "normal"]
[Board "10.4"]
[WhiteElo "835"]
[BlackElo "922"]
[WhiteTeam "Schachzwerge Magdeburg"]
[BlackTeam "SG Königskinder Hohentübingen"]
[PlyCount "115"]
[EventCountry "GER"]
[EventRounds "7"]
[EventType "team-swiss"]
[EventDate "2015.12.26"]

1. e4 c5 2. Nf3 a6 3. d4 cxd4 4. Nxd4 Nf6 5. e5 Qa5+ 6. Qd2 Qxe5+ 7. Be2 e6 8.
c3 Qd5 9. O-O Bc5 10. Qd3 Bd6 11. Nf3 Qxd3 12. Bxd3 Nc6 13. Bg5 Be7 14. Nbd2 h6
15. Bxf6 Bxf6 16. Ne4 Be5 17. Rfe1 b6 18. Re3 Bf4 19. Re2 Bb7 20. Rae1 O-O 21.
Ned2 Rfe8 22. Re4 Bc7 23. Rg4 Ne7 24. Be4 f5 25. Rh4 fxe4 26. Nxe4 Bxe4 27.
Rexe4 Nf5 28. Rhg4 Rf8 29. Nd4 Nxd4 30. Rxd4 Rf5 31. Rxd7 Rd8 32. Rgxg7+ Kf8
33. Rh7 Rxd7 34. Rxd7 Re5 35. g3 Re1+ 36. Kg2 Be5 37. Ra7 Rb1 38. a4 Rxb2 39.
Rxa6 Kf7 40. c4 Bd4 41. a5 Rxf2+ 42. Kh3 Rb2 43. axb6 Rxb6 44. Rxb6 Bxb6 45.
Kh4 e5 46. Kg4 e4 47. Kf4 e3 48. Kf3 Kf6 49. h4 Ke5 50. g4 Kf6 51. Ke2 Kg6 52.
Kf3 h5 53. g5 Kf5 54. Ke2 Bd4 55. Kd3 Kg6 56. Ke2 Kf7 57. Kd3 Kg6 58. Ke2
1/2-1/2